[Event "ULIM Cup"]
[Site "Kishnev MDA"]
[Date "2001.10.10"]
[Round "4"]
[White "Sheremetieva,M"]
[Black "Solcanean,S"]
[Result "1-0"]
[WhiteElo "2308"]
[BlackElo "2236"]

1.e4 c5 2.Nf3 d6 3.Bb5+ Nd7 4.O-O Nf6 5.Re1 a6 6.Bf1 e6 7.c4 Ne5 8.Nxe5 dxe5
9.Nc3 Be7 10.d3 O-O 11.Be2 Qc7 12.Rf1 Rb8 13.a4 b6 14.Kh1 Rd8 15.Qe1 Bb7
16.Bd2 Ba8 17.h4 Nd7 18.f3 Bd6 19.h5 h6 20.Nd1 Re8 21.Qg3 Kh8 22.Bc3 Rg8
23.Ne3 Nf6 24.Qh2 Bc6 25.g3 Qe7 26.Ng2 Nd7 27.f4 Rgf8 28.Bf3 Kh7 29.Nh4 Rbc8
30.Bg2 Bb8 31.Nf3 exf4 32.gxf4 Qd6 33.Qg3 Rg8 34.Nh4 Qe7 35.Bf3 Rce8 36.b3 e5
37.Nf5 Qf8 38.Rg1 f6 39.Rg2 exf4 40.Qg6+ Kh8 41.Rag1 Be5 42.Bd2 Bd4 43.Bxf4 Ne5
44.Bxe5 Bxe5 45.Nxg7 Rxg7 46.Qxg7+ Qxg7 47.Rxg7 f5 48.R7g6  1-0

[Event "12th NATO"]
[Site "San Remo ITA"]
[Date "2001.10.11"]
[Round "6"]
[White "Van Zandwijk,J"]
[Black "Bontempi,P"]
[Result "1/2-1/2"]
[WhiteElo "2264"]
[BlackElo "2302"]

1.e4 c5 2.Nf3 d6 3.Bb5+ Bd7 4.Bxd7+ Nxd7 5.O-O Ngf6 6.Qe2 e6 7.b3 Be7 8.Bb2 O-O
9.d4 d5 10.Nbd2 Nxe4 11.Nxe4 dxe4 12.Qxe4 Qc7 13.dxc5 Nf6 14.Qe2 Qxc5 15.c4 a5
16.Nd4 Ne8 17.Nb5 Nd6 18.Qg4 g6 19.Nxd6 Bxd6 20.Rfe1 Be7 21.Qh3 Qc6 22.Qe3 Ra6
23.h4 f6 24.Rad1 Rd8 25.Rxd8+ Bxd8 26.Rd1 Be7 27.Qd3 Ra8 28.Qe3 Rd8  1/2-1/2

[Event "World Teams"]
[Site "Yerevan ARM"]
[Date "2001.10.12"]
[Round "1"]
[White "Egin,V"]
[Black "Abreu,A"]
[Result "1/2-1/2"]
[WhiteElo "2466"]
[BlackElo "2493"]

1.e4 c5 2.Nf3 d6 3.Bb5+ Bd7 4.Bxd7+ Qxd7 5.O-O Nc6 6.c3 Nf6 7.d4 Nxe4 8.d5 Ne5
9.Re1 Nxf3+ 10.Qxf3 Nf6 11.c4 e5 12.dxe6 fxe6 13.Bg5 Be7 14.Nc3 h6 15.Bh4 Rd8
16.Rad1 O-O 17.Qe2 Rfe8 18.Qxe6+ Qxe6 19.Rxe6 Kf7 20.Rde1 g5 21.Bg3 Bf8 22.Rxe8 Rxe8
23.Rxe8 Nxe8 24.b3 Ke6 25.Kf1 Nf6 26.Ke2 d5 27.Nb5 dxc4 28.bxc4 a6 29.Nc3 Bd6
30.Bxd6 Kxd6 31.h3 Nd7 32.Ke3 Ke5 33.g3 Kf5 34.Ne4 b6 35.f4 gxf4+  1/2-1/2

[Event "TCh-BEL 2001-2"]
[Site "Belgium BEL"]
[Date "2001.10.14"]
[Round "1"]
[White "Laurent,B"]
[Black "Van Mechelen,J"]
[Result "1/2-1/2"]
[WhiteElo "2304"]
[BlackElo "2260"]

1.e4 c5 2.Nf3 d6 3.Bb5+ Bd7 4.Bxd7+ Qxd7 5.O-O Nc6 6.c3 Nf6 7.d4 cxd4 8.cxd4 d5
9.e5 Ng8 10.a3 e6 11.b4 Nge7 12.Nbd2 Nc8 13.Nb3 Nb6 14.Nc5 Bxc5 15.dxc5 Nc4
16.Bf4  1/2-1/2

[Event "TCh-ESP"]
[Site "Cala Galdana ESP"]
[Date "2001.10.14"]
[Round "2"]
[White "Campora,D"]
[Black "Pablo Marin,A"]
[Result "1/2-1/2"]
[WhiteElo "2536"]
[BlackElo "2403"]

1.e4 c5 2.Nf3 d6 3.Bb5+ Nc6 4.O-O Bd7 5.Re1 Nf6 6.c3 a6 7.Bf1 Bg4 8.h3 Bxf3
9.Qxf3 e6 10.d3 Be7 11.Nd2 O-O 12.Qd1 d5 13.e5 Nd7 14.Nf3 b5 15.a3 c4 16.b3 cxb3
17.Qxb3 Qc7 18.d4 Na5 19.Qc2 Rfc8 20.Bg5 Nf8 21.Rec1 Bxg5 22.Nxg5 Qe7 23.Nf3 Rc6
24.Qb2 Nc4 25.Qb4 Qc7 26.a4 a5 27.Qb1 bxa4 28.Rxa4 Nd7 29.Qa1 Ndb6 30.Ra2 h6
31.Ne1 Rb8 32.Nd3 Nd7 33.Nb2 Nd2 34.Re1 Nxf1 35.Rxf1 Rxc3 36.Rd1 Rc2 37.Nd3 Rxa2
38.Qxa2 Qc3 39.Nf4 Nb6 40.Qb1 Qb4 41.Qd3 Nc4 42.Qg3 Kh8 43.Nh5 Qf8 44.Ra1 Rb4
45.f4 a4 46.f5 exf5 47.Qf3 Qd8 48.Qxf5 Qb6 49.Qg4 Qg6 50.Qxg6 fxg6 51.Nf4 Nxe5
52.Nxd5 Rxd4 53.Nc3 Rc4 54.Nxa4 g5 55.Nb6 Rc2 56.Nd5  1/2-1/2

[Event "YM"]
[Site "Zug SUI"]
[Date "2001.10.14"]
[Round "6"]
[White "Kritz,L"]
[Black "Kempinski,R"]
[Result "0-1"]
[WhiteElo "2418"]
[BlackElo "2586"]

1.e4 c5 2.Nf3 d6 3.Bb5+ Nd7 4.d4 Nf6 5.O-O a6 6.Bxd7+ Nxd7 7.c4 cxd4 8.Qxd4 Qb6
9.Qc3 Nf6 10.Re1 e6 11.Nbd2 Be7 12.h3 O-O 13.b3 Qc7 14.a4 b6 15.Bb2 Bb7 16.Nd4 Rac8
17.Re3 g6 18.Rae1 e5 19.Ne2 Qd7 20.Qd3 Qe6 21.Nc3 Nd7 22.Nd5 Bg5 23.Rg3 Bh6
24.Rd1 Nc5 25.Qe2 b5 26.axb5 axb5 27.f4 Bxf4 28.Nxf4 exf4 29.Rg4 bxc4 30.Qxc4 Qxc4
31.bxc4 Ne6 32.Bf6 h5 33.Rh4 Kh7 34.Nf3 Kh6 35.Rxd6 Bxe4 36.Rxe6 fxe6 37.Rxf4 Bxf3
38.Rxf3 g5 39.c5 Kg6 40.Be7 Rxf3 41.gxf3 Ra8  0-1

[Event "Essent Open"]
[Site "Hoogeveen NED"]
[Date "2001.10.18"]
[Round "7"]
[White "Magomedov,M"]
[Black "Peng Zhaoqin"]
[Result "1-0"]
[WhiteElo "2608"]
[BlackElo "2443"]

1.e4 c5 2.Nf3 d6 3.Bb5+ Bd7 4.Bxd7+ Qxd7 5.c4 e5 6.Nc3 Nc6 7.Nd5 Nge7 8.O-O Nxd5
9.cxd5 Nd8 10.d3 Be7 11.a3 O-O 12.b4 b6 13.bxc5 bxc5 14.Rb1 f5 15.Qb3 fxe4
16.dxe4 Bf6 17.Nd2 Nf7 18.Nc4 Bd8 19.Qb5 Qg4 20.f3 Qg6 21.Qd7 Bg5 22.Kh1 Rad8
23.Qe6 Bxc1 24.Rfxc1 Qg5 25.Rf1 Rfe8 26.Qh3 h6 27.Qg3 Rb8 28.Qxg5 hxg5 29.h3 Rec8
30.Kg1 Kf8 31.Kf2 Ke7 32.Ke3 Kd7 33.Kd3 Kc7 34.Ne3 Nh6 35.Kc4 Rb6 36.Rb3 Rcb8
37.Rfb1 Rxb3 38.Rxb3 Rxb3 39.Kxb3 g6 40.Ka4 Nf7 41.Ka5 Kb7 42.Nc4 Kc7 43.Ka6 Kb8
44.a4 Ka8 45.Na5 Nd8 46.Kb5 Kb8 47.Nc4  1-0

[Event "Eurotel Trophy Simul"]
[Site "Prague CZE"]
[Date "2001.10.18"]
[Round "1"]
[White "Oral,T"]
[Black "Kasparov,G"]
[Result "1-0"]
[WhiteElo "2546"]
[BlackElo "2838"]

1.e4 c5 2.Nf3 d6 3.Bb5+ Bd7 4.Bxd7+ Qxd7 5.c4 Nc6 6.d4 cxd4 7.Nxd4 Nf6 8.Nc3 g6
9.f3 Bg7 10.Nde2 O-O 11.O-O a6 12.a4 e6 13.Bg5 Qc7 14.Kh1 Qa5 15.Bh4 Rfd8
16.Rc1 Qh5 17.Bf2 Qa5 18.Bh4 Qh5 19.Bf2 Qa5 20.Qb3 Nd7 21.Qc2 Nc5 22.Rb1 Nb4
23.Qd2 Nb3 24.Qd1 Nc5 25.Bd4 Ncd3 26.Bxg7 Kxg7 27.Nc1 d5 28.cxd5 exd5 29.exd5 Nxc1
30.Qd4+ Kg8 31.Rbxc1 Nxd5 32.Ne4 f5 33.Rc5 Qb4 34.Nf6+ Kf7 35.Rc7+ Ke6 36.Rc4 Qxc4
37.Re1+ Kf7 38.Qxc4 Kxf6 39.h4 Rd7 40.Qd4+ Kf7 41.h5 Nf6 42.Qc4+ Kg7 43.Qc3 Rf8
44.Re6 gxh5 45.Qe5 Kg6 46.Qg3+ Kf7 47.Qe5 Kg6 48.Qg3+ Kf7 49.Re5 Rfd8 50.Rxf5 Rd5
51.Rxd5 Rxd5 52.Qc7+ Rd7 53.Qb6 Re7 54.Kh2 Kg6 55.Kg3 Kf7 56.Kh4 h6 57.Kg3 Kg7
58.f4 Kg6 59.Kf3 Kf7 60.f5 Kg7 61.Qd6 Kf7 62.a5 Re8 63.Qf4 Ng4 64.Qc4+ Kf8
65.Qc5+ Re7 66.Qd6 Ne5+ 67.Kf4 Nf7 68.Qc5 Ng5 69.Qd6 Nf7 70.Qg6 Rd7 71.f6 Rd4+
72.Ke3 Rg4 73.Qf5 Nd6 74.Qe6  1-0

[Event "YM"]
[Site "Zug SUI"]
[Date "2001.10.19"]
[Round "11"]
[White "Forster,R"]
[Black "Fressinet,L"]
[Result "1/2-1/2"]
[WhiteElo "2462"]
[BlackElo "2588"]

1.e4 c5 2.Nf3 d6 3.Bb5+ Bd7 4.Bxd7+ Qxd7 5.O-O Nf6 6.Re1 Nc6 7.b3 g6 8.c3 Bg7
9.d4 cxd4 10.cxd4 d5 11.e5 Ne4  1/2-1/2

[Event "TCh-CZE 2001-2"]
[Site "CZE"]
[Date "2001.10.20"]
[Round "1"]
[White "Hasangatin,R"]
[Black "Kovalev,A"]
[Result "1/2-1/2"]
[WhiteElo "2480"]
[BlackElo "2575"]

1.e4 c5 2.Nf3 d6 3.Bb5+ Bd7 4.Bxd7+ Qxd7 5.c4 Nc6 6.Nc3 Nf6 7.d4 cxd4 8.Nxd4 g6
9.f3 Bg7 10.Be3 O-O 11.Qd2 a6 12.O-O b5 13.Nd5 Nxd5 14.cxd5 Nxd4 15.Bxd4 Rfc8
16.Bxg7  1/2-1/2

[Event "WYG18"]
[Site "Oropesa del Mar ESP"]
[Date "2001.10.21"]
[Round "1"]
[White "Levushkina,E"]
[Black "Grapsa,G"]
[Result "0-1"]
[WhiteElo "2280"]
[BlackElo "2063"]

1.e4 c5 2.Nf3 d6 3.Bb5+ Bd7 4.Bxd7+ Qxd7 5.O-O Nc6 6.c3 Nf6 7.d4 cxd4 8.cxd4 e6
9.d5 Ne5 10.dxe6 fxe6 11.Nc3 Be7 12.Nd4 Nc6 13.Be3 O-O 14.Rc1 Nxd4 15.Qxd4 Ng4
16.Rfd1 b5 17.f3 Nxe3 18.Qxe3 b4 19.Ne2 a5 20.Qb3 Bf6 21.f4 a4 22.Qxb4 Rfb8
23.Qc4 Bxb2 24.Rc2 Rc8 25.Qd3 Rxc2 26.Qxc2 a3 27.Qd3 Rc8 28.Kf1 Qa4 29.Qf3 Qxd1+  0-1

[Event "TCh-SLO"]
[Site "Bled SLO"]
[Date "2001.10.23"]
[Round "6"]
[White "Grosar,A"]
[Black "Palac,M"]
[Result "1/2-1/2"]
[WhiteElo "2442"]
[BlackElo "2572"]

1.e4 c5 2.Nf3 d6 3.Bb5+ Bd7 4.Bxd7+ Qxd7 5.O-O Nc6 6.c4 g6 7.Nc3 Bg7 8.d3 Nf6
9.h3 O-O 10.Rb1 a6  1/2-1/2

[Event "WYB16"]
[Site "Oropesa del Mar ESP"]
[Date "2001.10.25"]
[Round "5"]
[White "Gomez,Joh"]
[Black "Zhigalko,A"]
[Result "1/2-1/2"]
[WhiteElo "2287"]
[BlackElo "2369"]

1.e4 c5 2.Nf3 d6 3.Bb5+ Nd7 4.d4 Nf6 5.Nc3 a6 6.Bxd7+ Nxd7 7.Bg5 h6 8.Bh4 g5
9.Bg3 Bg7 10.h3 cxd4 11.Nxd4 Qb6 12.Nb3 Bxc3+ 13.bxc3 Nf6 14.e5 Ne4 15.exd6 Nxg3
16.fxg3 Qe3+ 17.Kf1 Be6 18.Qd3 Qb6 19.dxe7 Rc8 20.Qd4 Qxd4 21.Nxd4  1/2-1/2

[Event "WYG16"]
[Site "Oropesa del Mar ESP"]
[Date "2001.10.25"]
[Round "5"]
[White "Vozovic,O"]
[Black "Dzagnidze,N"]
[Result "1/2-1/2"]
[WhiteElo "2271"]
[BlackElo "2372"]

1.e4 c5 2.Nf3 d6 3.Bb5+ Bd7 4.Bxd7+ Qxd7 5.c4 e5 6.Nc3 g6 7.d3 Bg7 8.Nd5 Nc6
9.O-O Nce7 10.Nc3 Nf6 11.Ne1 Nh5 12.g3 O-O 13.Ng2 f5 14.f4 fxe4 15.dxe4 exf4
16.Nxf4 Bd4+ 17.Kg2 Rf7 18.Nce2 Be5  1/2-1/2

[Event "WYB14"]
[Site "Oropesa del Mar ESP"]
[Date "2001.10.25"]
[Round "5"]
[White "Zavgorodniy,S"]
[Black "Adly,A"]
[Result "1-0"]
[WhiteElo "2440"]
[BlackElo "2214"]

1.e4 c5 2.Nf3 d6 3.Bb5+ Bd7 4.Bxd7+ Nxd7 5.O-O g6 6.c3 Ngf6 7.Re1 Bg7 8.d4 O-O
9.Qe2 e5 10.dxe5 Nxe5 11.Nxe5 dxe5 12.Bg5 Qe7 13.Bxf6 Bxf6 14.c4 Rad8 15.Nc3 Bg7
16.Nd5 Qd6 17.Rad1 f5 18.Rd3 Kh8 19.Red1 Qb8 20.b3 b6 21.h4 Rd6 22.h5 gxh5
23.exf5 Rxf5 24.Ne7 Rxd3 25.Rxd3 Rf8 26.Qxh5 Qe8 27.Qxe8 Rxe8 28.Rd7 e4 29.Nf5 Bc3
30.Rxa7 Bd2 31.Re7 Rxe7 32.Nxe7 e3 33.Kf1 exf2 34.Nd5 Kg7 35.Kxf2 Kf7 36.Nxb6 Ke6
37.Ke2 Bg5 38.Nd5 Ke5 39.Kd3 h5 40.a3 h4 41.b4 cxb4 42.axb4 Bd8 43.b5 Kd6
44.Kd4 Ba5 45.c5+ Kd7 46.Ke5 Be1 47.c6+ Kc8 48.b6 Bg3+ 49.Ke6 Bh2 50.Nb4 Kd8
51.c7+ Bxc7 52.bxc7+ Kxc7 53.Kf5  1-0

[Event "Jonsson Mem Open"]
[Site "Reykjavik ISL"]
[Date "2001.10.25"]
[Round "3"]
[White "Asmundsson,I"]
[Black "Chandler,M"]
[Result "0-1"]
[WhiteElo "2359"]
[BlackElo "2544"]

1.e4 c5 2.Nf3 d6 3.Bb5+ Nd7 4.c3 Nf6 5.Qe2 a6 6.Ba4 b5 7.Bc2 e5 8.O-O g6
9.d4 Bg7 10.a4 Rb8 11.axb5 axb5 12.Rd1 Qb6 13.h3 O-O 14.dxe5 dxe5 15.Be3 Bb7
16.b4 Rfd8 17.bxc5 Nxc5 18.Nxe5 Rxd1+ 19.Qxd1 Qc7 20.Bxc5 Qxc5 21.Nd3 Qb6
22.e5 Nd7 23.Qe2 Nxe5 24.Nxe5 Re8 25.Qe3 Rxe5 26.Qd2 b4 27.Ra4 Qc6 28.f3 b3
29.Bxb3 Qb6+ 30.Rd4  0-1

[Event "TSGM October"]
[Site "Belgrade YUG"]
[Date "2001.10.26"]
[Round "7"]
[White "Boskovic,D"]
[Black "Sahovic,D"]
[Result "1-0"]
[WhiteElo "2343"]
[BlackElo "2387"]

1.e4 c5 2.Nf3 d6 3.Bb5+ Bd7 4.Bxd7+ Qxd7 5.O-O Nc6 6.c3 Nf6 7.Re1 e6 8.d4 cxd4
9.cxd4 d5 10.e5 Ne4 11.Nbd2 Nxd2 12.Bxd2 Be7 13.Rc1 O-O 14.Rc3 Rfc8 15.a3 b5
16.Rd3 a5 17.h4 a4 18.h5 Na5 19.Nh2 Nc4 20.Bc3 Rc6 21.Rg3 Rac8 22.Ng4 Kh8
23.Qc1 Qd8 24.Qf4 Qf8 25.Nf6 gxf6 26.exf6 Bd6 27.Re5 Nxe5 28.dxe5 Bc5 29.Rg7 Qxg7
30.fxg7+ Kxg7 31.Qf6+ Kf8 32.h6 Ke8 33.Qh8+ Kd7 34.Qxh7 d4 35.Qxf7+ Kd8 36.h7  1-0

[Event "WYB14"]
[Site "Oropesa del Mar ESP"]
[Date "2001.10.26"]
[Round "6"]
[White "Zavgorodniy,S"]
[Black "Porat,I"]
[Result "1-0"]
[WhiteElo "2440"]
[BlackElo "2113"]

1.e4 c5 2.Nf3 d6 3.Bb5+ Bd7 4.Bxd7+ Qxd7 5.c4 Nf6 6.Nc3 Nc6 7.d4 cxd4 8.Nxd4 e6
9.O-O Be7 10.Re1 O-O 11.b3 Rfd8 12.Bb2 Bf8 13.Rc1 Ne8 14.Rc2 Nc7 15.Rd2 d5
16.exd5 exd5 17.Ndb5 d4 18.Nxc7 Qxc7 19.Nd5 Qa5 20.Bxd4 Nxd4 21.Rxd4 Re8
22.Re2 Qc5 23.Rde4 Rxe4 24.Rxe4 a5 25.g3 a4 26.bxa4 Qa3 27.Qb3 Qxa4 28.Qxa4 Rxa4
29.Re8  1-0

[Event "Frauen Bundesliga 2001-2"]
[Site "GER"]
[Date "2001.10.27"]
[Round "1"]
[White "Sarana Hungeling,O"]
[Black "Meissner,C"]
[Result "1/2-1/2"]
[WhiteElo "2279"]
[BlackElo "2132"]

1.e4 c5 2.Nf3 d6 3.Bb5+ Bd7 4.Qe2 Bxb5 5.Qxb5+ Qd7 6.Qe2 Nc6 7.c3 Rc8 8.O-O g6
9.Rd1 Bg7 10.Na3 e6 11.Nc2 Ne5 12.d4 Nxf3+ 13.Qxf3 cxd4 14.Nxd4 Ne7 15.Qd3 a6
16.Nc2 Rd8 17.Bg5 O-O 18.Ne3 f6 19.Bh4 g5 20.Bg3 d5 21.f3 Qc8 22.Bf2 dxe4
23.Qxe4 f5 24.Qb4 Nc6 25.Qb3 b5 26.Rxd8 Nxd8 27.Rd1 Nf7 28.a4 Qc6 29.axb5 axb5
30.Nc2 Qc4 31.Qa3 Qe2 32.Ne3 Be5 33.Qe7 Bf4 34.Re1 Bxh2+ 35.Kxh2 Qxf2 36.Nc2 Qxc2
37.Qxe6 Rd8 38.Qf6 Qf2 39.Ra1 f4 40.b3 Re8 41.c4 b4 42.Rd1 Qg3+ 43.Kg1 Re2
44.Rd8+ Nxd8 45.Qxd8+ Kf7 46.Qd5+ Kf8 47.Qd6+ Re7 48.Qf6+ Ke8 49.Qh8+ Kd7
50.Qd4+ Ke6 51.Qd5+ Kf6 52.Qd6+ Kf7 53.Qd5+ Kg7 54.Qd4+ Kg6 55.Qd6+ Kf7 56.Qd5+ Kf8
57.Qd8+ Re8 58.Qd6+ Kg8 59.Qd5+ Kg7 60.Qd7+ Kf8  1/2-1/2

[Event "Chigorin Mem Open"]
[Site "St Petersburg RUS"]
[Date "2001.10.27"]
[Round "2"]
[White "Vlassow,V"]
[Black "Dvoirys,S"]
[Result "1-0"]
[WhiteElo "2318"]
[BlackElo "2582"]

1.e4 c5 2.Nf3 d6 3.Bb5+ Nc6 4.O-O Bd7 5.c3 a6 6.Bxc6 Bxc6 7.Re1 Nf6 8.d4 Bxe4
9.Bg5 d5 10.c4 Bxf3 11.Qxf3 cxd4 12.Bxf6 gxf6 13.cxd5 Rg8 14.Nd2 Bh6 15.Nb3 Qd7
16.Nxd4 Qg4 17.d6 Qxf3 18.Rxe7+ Kf8 19.Nxf3 Rd8 20.Rxb7 Rxd6 21.g3 f5 22.Ne5 Rg7
23.Re1 Re6 24.Kf1 f4 25.gxf4 Bxf4 26.Nd7+ Ke8 27.Nf6+ Kf8 28.Rxe6  1-0

[Event "Chigorin Mem Open"]
[Site "St Petersburg RUS"]
[Date "2001.10.27"]
[Round "2"]
[White "Lazhevsky,G"]
[Black "Chuiko,A"]
[Result "0-1"]
[WhiteElo "2240"]
[BlackElo "2413"]

1.e4 c5 2.Nf3 d6 3.Bb5+ Nd7 4.c4 Nf6 5.Nc3 g6 6.O-O Bg7 7.d3 O-O 8.Bxd7 Bxd7
9.h3 a6 10.Qb3 Bc6 11.Be3 Rb8 12.a4 b6 13.Nd2 e6 14.f4 d5 15.Bf2 dxe4 16.Ncxe4 Qc7
17.Nxf6+ Bxf6 18.Ne4 Bxe4 19.dxe4 Qxf4 20.Bg3 Bd4+ 21.Kh2 Qxe4 22.Bxb8 Rxb8
23.Rae1 Qc6 24.Qf3 Qc7+ 25.Qf4 Qxf4+ 26.Rxf4 b5 27.cxb5 axb5 28.axb5 Rxb5
29.Rf3 Rxb2 30.Ra3 Rb7 31.Ra8+ Kg7 32.Rc8 h5 33.Re2 h4 34.g4 hxg3+ 35.Kxg3 e5
36.Re4 f5 37.Rh4 Rb3+ 38.Kg2 e4 39.Rhh8 Kf6 40.Rc6+ Kg5 41.Rg8 Rb2+ 42.Kf1 Kf4
43.Rcxg6 c4 44.Rg2 c3 45.Rxb2 cxb2 46.Rb8 Kf3 47.Rb3+ e3 48.h4 Bc3  0-1

[Event "5th OIBM"]
[Site "Bad Wiessee GER"]
[Date "2001.10.28"]
[Round "2"]
[White "Schweiger,G"]
[Black "Odeev,H"]
[Result "1/2-1/2"]
[WhiteElo "2163"]
[BlackElo "2488"]

1.e4 c5 2.Nf3 d6 3.Bb5+ Nd7 4.O-O a6 5.Bxd7+ Bxd7 6.e5 Bg4 7.h3 Bh5 8.Re1 e6
9.d3 d5 10.Nbd2 Ne7 11.b3 Nc6 12.Bb2 Be7 13.Nf1 Qd7 14.Ng3 Bg6 15.Ne2 f5
16.d4 Bh5 17.Nf4 Bxf3 18.Qxf3 O-O-O 19.dxc5 Bxc5 20.Nd3 Be7 21.Red1  1/2-1/2

[Event "Frauen Bundesliga 2001-2"]
[Site "GER"]
[Date "2001.10.28"]
[Round "2"]
[White "Sarana Hungeling,O"]
[Black "Wolf,Sy"]
[Result "1-0"]
[WhiteElo "2279"]
[BlackElo "2082"]

1.e4 c5 2.Nf3 d6 3.Bb5+ Bd7 4.Qe2 a6 5.Bxd7+ Nxd7 6.O-O e6 7.Rd1 g6 8.d4 Bg7
9.c4 Qc7 10.Be3 Ne7 11.Nc3 O-O 12.Rac1 cxd4 13.Nxd4 Rac8 14.b3 Rfd8 15.f3 Qa5
16.Qd2 Nc6 17.g3 Nde5 18.Kg2 Nxd4 19.Bxd4 Nc6 20.Be3 b5 21.Ne2 b4 22.Nf4 Rb8
23.Qf2 Bc3 24.Rc2 Qc7 25.Ne2 Bg7 26.Rcd2 Ne7 27.Rd3 Qc6 28.Nd4 Qc7 29.Nc2 a5
30.Nd4 d5 31.Nb5 Qb7 32.exd5 exd5 33.Bf4 Ra8 34.Nc7 Rac8 35.Nxd5 Nxd5 36.Rxd5 Rxd5
37.Rxd5 Ra8 38.Qd2 Qe7 39.Rd7 Qe8 40.Bg5 h6 41.Rd8 Rxd8 42.Qxd8 Qxd8 43.Bxd8 Bf8
44.Bxa5 Bc5 45.Kf1 f5 46.Ke2 Kf7 47.Kd3 Ke6 48.Bc7 g5 49.g4 Kd7 50.Be5 Ke6
51.Bg7 Kf7 52.Bd4  1-0

[Event "WYG18"]
[Site "Oropesa del Mar ESP"]
[Date "2001.10.28"]
[Round "7"]
[White "Levushkina,E"]
[Black "Hodova,L"]
[Result "1/2-1/2"]
[WhiteElo "2280"]
[BlackElo "2081"]

1.e4 c5 2.Nf3 d6 3.Bb5+ Nd7 4.d4 Nf6 5.Nc3 cxd4 6.Qxd4 e5 7.Qd3 h6 8.O-O a6
9.Bxd7+ Bxd7 10.Rd1 Be6 11.a4 Be7 12.a5 O-O 13.Be3 Qc7 14.Qe2 Qc6 15.Bb6 Rac8
16.Nd2 Bd8 17.Bxd8 Rfxd8 18.Nf1 Bc4 19.Qe1 Re8 20.Ne3 Rcd8 21.Nxc4 Qxc4 22.Ra4 Qc6
23.Rb4 d5 24.Rb6 Qc4 25.exd5 Nxd5 26.Nxd5 Rxd5 27.Rxd5 Qxd5 28.h3 Rc8 29.c3 Rc4
30.b3 Re4 31.Qc1 Re2 32.Rb4 Qc5 33.Qf1 Qxc3 34.Qxe2 Qxb4 35.Qxe5 Qxb3 36.Qe8+ Kh7
37.Qe4+ g6 38.Qe7 Qd5 39.Qc7 Kg7 40.Qc3+ Kf8 41.Qc8+ Ke7 42.Qc7+ Ke6 43.Qc8+ Kd6
44.g3 h5 45.Qc3 Kd7 46.h4 Ke6 47.Qc8+ Ke5 48.Qc3+ Kf5 49.Qc2+ Kg4 50.Qe2+ Kf5
51.Qc2+ Ke5 52.Qc3+ Ke6  1/2-1/2

[Event "Jonsson Mem Open"]
[Site "Reykjavik ISL"]
[Date "2001.10.29"]
[Round "6"]
[White "Bjornsson,T"]
[Black "Ulfarsson,M"]
[Result "1/2-1/2"]
[WhiteElo "2228"]
[BlackElo "2298"]

1.e4 c5 2.Nf3 d6 3.Bb5+ Nc6 4.c3 Bd7 5.O-O a6 6.Ba4 Nf6 7.Re1 g6 8.d4 cxd4
9.cxd4 b5 10.Bb3 Bg4 11.Be3 Rc8 12.h3 Bxf3 13.Qxf3 Bg7 14.Nc3 O-O 15.e5 dxe5
16.dxe5 Nxe5 17.Qb7 Nc4 18.Bxc4 bxc4 19.Qxa6 Qc7 20.Qa4 Qb7 21.Rab1 Nd5 22.Nxd5 Qxd5
23.b4 Ra8 24.Qc2 Ra3 25.Red1 Qb5 26.Bd4 e5 27.Bc5 Rfa8 28.Rdc1 c3 29.Rb3 Rxa2
30.Qxc3 e4 31.Qc4 Qxc4 32.Rxc4 Ra1+ 33.Kh2 Be5+ 34.g3 f5 35.Be3 R8a2 36.Kg2 Re1
37.Rc1 Rxc1 38.Bxc1 Bd4 39.Be3 Bxe3 40.Rxe3 Rb2 41.g4 Kg7 42.gxf5 gxf5 43.Kg3 Kf6
44.Rc3 Rxb4 45.Kf4 e3+  1/2-1/2

[Event "Chigorin Mem Open"]
[Site "St Petersburg RUS"]
[Date "2001.10.29"]
[Round "4"]
[White "Zimina,O"]
[Black "Dvoirys,S"]
[Result "1/2-1/2"]
[WhiteElo "2326"]
[BlackElo "2582"]

1.e4 c5 2.Nf3 d6 3.Bb5+ Nc6 4.O-O Bd7 5.Re1 a6 6.Bxc6 Bxc6 7.d4 cxd4 8.Nxd4 Nf6
9.Nxc6 bxc6 10.Qf3 Nd7 11.e5 d5 12.e6 Nf6 13.Bg5 Qc8 14.exf7+ Kxf7 15.c4 Qg4
16.Qe3 e5 17.cxd5 cxd5 18.Nc3 Rd8 19.Qxe5 Bd6 20.h3 Bxe5 21.hxg4 Rhe8 22.Rad1 d4
23.Ne4 d3 24.Nc5 Bxb2 25.Rxe8 Rxe8 26.Nxd3 Bd4 27.Bxf6 Kxf6 28.Kf1 Rc8 29.Nb4 Rc4
30.Nxa6 Be5 31.Rd2 Ke6 32.a3 Bd6 33.Re2+ Kf6 34.Nb4 Bxb4 35.axb4 Rxb4 36.f3 g6
37.Kf2 h6 38.Ra2 Rc4 39.Ra6+ Kg7 40.Kg3 Rc3 41.Kh4 Rc2 42.Kh3 g5 43.Kg3 Rb2
44.Ra1 Kg6 45.Rf1 h5  1/2-1/2

[Event "Chigorin Mem Open"]
[Site "St Petersburg RUS"]
[Date "2001.10.29"]
[Round "4"]
[White "Masalov,A"]
[Black "Chuiko,A"]
[Result "0-1"]
[WhiteElo "2228"]
[BlackElo "2413"]

1.e4 c5 2.Nf3 d6 3.Bb5+ Nd7 4.c3 Nf6 5.Qe2 a6 6.Ba4 b5 7.Bc2 Bb7 8.d3 g6
9.O-O Bg7 10.d4 O-O 11.h3 e5 12.dxe5 dxe5 13.Bg5 Qc7 14.Rd1 h6 15.Bxf6 Nxf6
16.Nbd2 Nh5 17.Kh2 Nf4 18.Qe1 c4 19.Nf1 Ne6 20.Ne3 Nd4 21.cxd4 exd4+ 22.Kg1 dxe3
23.Qxe3 Rfe8 24.Rab1 f5 25.Nd2 Rad8 26.a4 Kh7 27.axb5 axb5 28.Kh1 b4 29.Ba4 Re7
30.f3 c3 31.bxc3 bxc3 32.Rbc1 Bd4 33.Qe2 Qa5 34.Qb5 Qxb5 35.Bxb5 cxd2 36.Rxd2 fxe4
37.fxe4 Bb6 38.Rb2 Bxe4 39.Bf1 Rd6 40.Re2 Rde6 41.Ra2 Bd5 42.Raa1 h5 43.Rd1 Be4
44.Bc4 Rc6 45.Bf1 Kh6 46.Re1 Rce6 47.Red1 Bc2 48.Rdc1 Bd4 49.Ra2 Bb3  0-1

[Event "Chigorin Mem Open"]
[Site "St Petersburg RUS"]
[Date "2001.10.29"]
[Round "4"]
[White "Vlassow,V"]
[Black "Kovalevskaya,E"]
[Result "1/2-1/2"]
[WhiteElo "2318"]
[BlackElo "2486"]

1.e4 c5 2.Nf3 d6 3.Bb5+ Nd7 4.d4 Nf6 5.e5 Qa5+ 6.Nc3 Ne4 7.Bd2 Nxc3 8.Bxd7+ Bxd7
9.Bxc3 Qa6 10.d5 Bf5 11.Nh4 Bd7 12.e6 fxe6 13.Qh5+ Kd8 14.dxe6 Bxe6 15.O-O-O Qxa2
16.Rhe1 Qa1+ 17.Kd2 Qa2 18.Kc1 Qa1+ 19.Kd2 Qa2  1/2-1/2

[Event "Copa Clarin"]
[Site "Villa Martelli ARG"]
[Date "2001.10.29"]
[Round "4"]
[White "Felgaer,R"]
[Black "Ricardi,P"]
[Result "0-1"]
[WhiteElo "2467"]
[BlackElo "2538"]

1.e4 c5 2.Nf3 d6 3.Bb5+ Bd7 4.Bxd7+ Qxd7 5.O-O Nc6 6.Re1 Nf6 7.b3 g6 8.c3 Rc8
9.Bb2 Bg7 10.d4 cxd4 11.cxd4 d5 12.e5 Ne4 13.Nbd2 Nxd2 14.Qxd2 O-O 15.Rac1 a6
16.Ba3 Rfe8 17.h3 Nd8 18.Rxc8 Qxc8 19.Rc1 Qd7 20.Qc3 Nc6 21.Qc5 f6 22.Qb6 fxe5
23.dxe5 Nxe5 24.Ng5 Nc6  0-1

[Event "Jonsson Mem Open"]
[Site "Reykjavik ISL"]
[Date "2001.10.30"]
[Round "7"]
[White "Halldorsson,H"]
[Black "Gislason,G"]
[Result "1/2-1/2"]
[WhiteElo "2103"]
[BlackElo "2305"]

1.e4 c5 2.Nf3 d6 3.Bb5+ Nc6 4.O-O Bd7 5.Re1 e6 6.c3 a6 7.Bxc6 Bxc6 8.d4 cxd4
9.cxd4 d5 10.Ne5 Nf6 11.Bg5 Be7 12.Nxc6 bxc6 13.e5 Nd7 14.Bxe7 Qxe7 15.Nc3 O-O
16.Qg4 Rab8 17.b3 Rb4 18.Qd1 Qh4 19.Ne2 c5 20.Rc1 f6 21.a3 Rbb8 22.g3 Qh6
23.f4 fxe5 24.dxc5 Nf6 25.Qd3 Ng4 26.h4 e4 27.Qc3 e5 28.c6 exf4 29.Nxf4 Rxf4
30.gxf4 Qxf4 31.Rc2 Ne5 32.Rf1 Nf3+ 33.Rxf3 exf3 34.Rf2 Qg3+ 35.Kf1 Qh3+
36.Kg1 Qg3+  1/2-1/2

[Event "Chigorin Mem Open"]
[Site "St Petersburg RUS"]
[Date "2001.10.30"]
[Round "5"]
[White "Polovnikova,E"]
[Black "Shamugia,S"]
[Result "0-1"]
[WhiteElo "2385"]
[BlackElo "2292"]

1.e4 c5 2.Nf3 d6 3.Bb5+ Nd7 4.c3 Nf6 5.Qe2 a6 6.Ba4 b5 7.Bc2 c4 8.b3 Nb6
9.bxc4 Nxc4 10.a4 Bd7 11.Nd4 e5 12.Nf5 Bxf5 13.exf5 Be7 14.Na3 Qc8 15.Bd3 O-O
16.Nxc4 bxc4 17.Bxc4 d5 18.Bd3 e4 19.Bb1 Qxf5 20.O-O Rfe8 21.a5 Bd6 22.f4 Re6
23.Kh1 h5 24.d4 exd3 25.Qxd3 Ne4 26.Be3 h4 27.Bd4 Bxf4 28.Bc2 Qg4 29.Rab1 Bd6
30.Rb7 Rf8 31.Ra7 Be5 32.Bxe5 Rxe5 33.Rxa6 h3 34.gxh3 Qh4 35.Qd4 Qxh3 36.Qg1 Ng3+
37.Qxg3 Qxf1+ 38.Qg1 Qf3+  0-1

[Event "TCh-AUT 2001-2"]
[Site "Moerbisch AUT"]
[Date "2001.10.31"]
[Round "1"]
[White "Kindermann,S"]
[Black "Wittmann,W"]
[Result "1-0"]
[WhiteElo "2520"]
[BlackElo "2356"]

1.e4 c5 2.Nf3 d6 3.Bb5+ Bd7 4.Bxd7+ Qxd7 5.c4 Nc6 6.Nc3 g6 7.d4 cxd4 8.Nxd4 Bg7
9.Nde2 Nf6 10.f3 O-O 11.O-O Rac8 12.Bg5 Rfe8 13.Rb1 b6 14.b3 Qb7 15.Qd2 a6
16.a4 Nd7 17.Rfc1 Nc5 18.Nd5 a5 19.Rd1 Ra8 20.Qe1 h6 21.Be3 e6 22.Ndc3 Rad8
23.Bf4 Ne5 24.Qd2 Kh7 25.Bg3 Rd7 26.Qc2 Bf6 27.Nd4 Red8 28.Ndb5 Be7 29.Rd2 Nc6
30.Rbd1 Nb4 31.Qb1 Qc6 32.h3 Kg7 33.Kh1 Kh7 34.Nd4 Qb7 35.Nc2 Nca6 36.Nxb4 Nxb4
37.Kh2 Qc6 38.Nb5 d5 39.Nd4 Qb7 40.cxd5 exd5 41.e5 Nc6 42.e6 Nxd4 43.exd7 Nf5
44.Rxd5 Ne3 45.R5d3 Nxd1 46.Qxd1 h5 47.Rd5 Qc6 48.Qd3 h4 49.Be5 f6 50.Bf4 Bc5
51.Rh5+ Kg7 52.Rh6 f5 53.Qc3+ Qf6 54.Rh7+  1-0

[Event "Chigorin Mem Open"]
[Site "St Petersburg RUS"]
[Date "2001.10.31"]
[Round "6"]
[White "Masalov,A"]
[Black "Kryschilovskij,A"]
[Result "1/2-1/2"]
[WhiteElo "2228"]
[BlackElo "2384"]

1.e4 c5 2.Nf3 d6 3.Bb5+ Nc6 4.h3 Bd7 5.O-O a6 6.Bxc6 Bxc6 7.Re1 e5 8.c3 Nf6
9.d4 Qc7 10.Nbd2 Be7 11.Qc2 b5 12.dxe5 dxe5 13.c4 O-O 14.b3 Nh5 15.Bb2 f6
16.Nf1 Qb7 17.N3d2 Nf4 18.Ne3 Ne6 19.Nd5 Bd6 20.Qd3 Nd4 21.b4 Rad8 22.a3 bxc4
23.Qxc4 Bb5 24.Qa2 Kh8 25.bxc5 Bxc5 26.Bxd4 Bxd4 27.Rac1 f5 28.Nc7 Bd7 29.exf5 Rxf5
30.Ne4 Rf4 31.Qd5 Qb8 32.Ne6 Bxe6 33.Qxe6  1/2-1/2